000 01722nam0a2200397 4500
001 RU\NLR\bibl\250168
005 20260409070906.0
010 _a5-94074-043-X
_93000
021 _aRU
_b2001-57482
_92800
035 _a(NLR Aleph) 000245984
090 _a1434451
_c1434451
100 _a20020320d2001 |||y0rusy50 ca
101 1 _arus
_ceng
102 _aRU
105 _aa |||||||||
200 1 _a500 практических схем на популярных ИС
_e[Пер. с англ.]
_fДжон Ленк
210 _aМ.
_cДМК-Пресс
_d2001
215 _a440 с.
_cил.
_d24
225 1 _aСерия "Учебник"
300 _aЗагл. и авт. ориг.: McGraw-Hill circuit encyclopedia and troubleshooting guide/John D. Lenk
320 _aПредм. указ.: с. 431-440
454 0 _12001#$aMcGraw-Hill circuit encyclopedia and troubleshooting guide$fJohn D. Lenk
_tMcGraw-Hill circuit encyclopedia and troubleshooting guide
606 _aИнтегральные схемы
_jРуководства, пособия и т.п.
_3RU\NLR\auth\66398010
_91035695
606 _aИнтегральные схемы
_jУчебные издания
_3RU\NLR\auth\66398010
_91035695
610 0 _aМикроэлектронные схемы интегральные
675 _a621.382.049.77
_v3
_zrus
686 _a47
_2rugasnti
686 _a32.844.1
_2rubbk
686 _aЗ844.15я7
700 1 _aЛенк
_bД. Д.
_f1924-
_gДжон Д
_4070
801 0 _aRU
_bRKP
_c20020320
_gPSBO
801 1 _aRU
_bRKP
_c20020320
801 2 _aRU
_bNLR
_c20020809
_grcr
942 _cBOOK
980 _aNB